000 00562nam a2200157Ia 4500
008 100122s9999 xx 000 0 und d
082 _b12844
_a575.12
100 _aसोवनी रा वि
245 _aमानवी आनुनंशिकता
250 _a0
260 _bमहाराष्ट्र राज्य साहित्य संस्कृती मंडळ
_c1964
300 _a99
630 _aमानवी आनुनंशिकता
730 _aमानवी आनुनंशिकता
942 _cBOOK
999 _c403855
_d403852